ბათუმის შოთა რუსთაველის სახელმწიფო უნივერსიტეტის ბიბლიოთეკა

საქართველოს საგარეო ურთიერთობების ისტორიიდან : (ბიბ.ჩანაწერი № 58953)

000 -ლიდერი
ფიქსირებული სიგრძის საკონტროლო ველი 01111nam a22001937a 4500
003 - საკონტროლო ნომრის იდენტიფიკატორი
საკონტროლო ველი Ge_BSU
005 - ბოლო ოპერაციის თარიღი და დრო
საკონტროლო ველი 20221024114817.0
008 - ფიქსირებული სიგრძის მონაცემთა ელემენტები - ზოგადი ინფორმაცია
ფიქსირებული სიგრძის საკონტროლო ველი 221024s1994 ge ||||| |||| 00| 0 geo d
041 ## - ენის კოდი
Language code of text/sound track or separate title geo
080 ## - უნივერსალური ათობითი კლასიფიკაციის ინდექსი
Universal Decimal Classification number 327(479.22)(09) ტ-13
100 ## - მთავარი ჩანაწერი - პიროვნების სახელი
Personal name ტაბაღუა, ილია
9 (RLIN) 15474
245 ## - ცნობა სათაურის შესახებ
Title საქართველოს საგარეო ურთიერთობების ისტორიიდან :
Remainder of title (ლექციების კურსი) /
Statement of responsibility, etc რედ.: ვ. კავთიაშვილი ; ნიკიფორე ირბახის სახ. საერთ. ურთიერთ. ინ-ტი.
264 ## - წარმოების, გამოცემის, დისტრიბუციის და სხვა ცნობები
გამოცემის, წარმოების, დისტრიბუციის... ადგილი თბილისი,
გამოცემის, წარმოების, დისტრიბუციის... თარიღი 1994.
300 ## - ფიზიკური აღწერა
Extent 128 გვ. ;
Other physical details 20 სმ.
653 ## - INDEX TERM--UNCONTROLLED
Uncontrolled term საქართველოს საგარეო ურთიერთობების ისტორია
700 ## - ADDED ENTRY--PERSONAL NAME
Personal name კავთიაშვილი, ვ.
Relator term რედაქტორი
9 (RLIN) 15475
710 ## - ADDED ENTRY--CORPORATE NAME
Corporate name or jurisdiction name as entry element ნიკიფორე ირბახის სახ. საერთ. ურთიერთ. ინ-ტი
9 (RLIN) 15476
942 ## - ADDED ENTRY ELEMENTS (KOHA)
Source of classification or shelving scheme
Koha item type წიგნი
ეგზემპლარები
ჩამოწერის სტატუსი დაკარგული ეგზემპლარის სტატუსი კლასიფიკაციის წყარო ან თაროზე გაწყობის სქემა დაზიანების სტატუსი არ გაიცემა მუდმივი მდებარეობა (დაცვის ადგილი) ამჟამინდელი ადგილსამყოფელი თაროზე განთავსების ადგილი შეძენის თარიღი ღირებულება, შესყიდვის ნორმალური ფასი სრული შენახვის შიფრი შტრიხკოდი ბოლო ოპერაციის თარიღი ეგზემპლარის მიმდევრობითი ნომერი (კეტერი?) ფასის ძალაში შესვლის თარიღი ეგზემპლარის სახეობა საჯარო შენიშვნა
          ბათუმის შოთა რუსთაველის სახელმწიფო უნივერსიტეტის მთავარი ბიბლიოთეკა ბათუმის შოთა რუსთაველის სახელმწიფო უნივერსიტეტის მთავარი ბიბლიოთეკა წიგნსაცავი 2022-10-24 4.00 327(479.22)(09) ტ-13 28744 2022-10-24 28744 2022-10-24 წიგნი 4 ლ.